50 Flicks to Click (1984) Quiz Stats

Quiz Updated Jul 18, 2016

Challenge
Share
Tweet
Embed
Score 0/50 Timer 07:00
14 Plays Today
% Correct
Nightmare
95.2%
Odds
95%
Doom
95%
Karate
94.8%
Cop
94.3%
Final
93.2%
Academy
92.8%
Candles
92.7%
Spinal
92.7%
Purple
92.1%
Romancing
90.7%
Nerds
89.7%
Passage
89.6%
Muppets
89.2%
Cloak
89%
Sheena
88.7%
Corn
88.7%
Red
87.8%
Killing
87.1%
Razor's
83.5%
Me
83.1%
Destroyer
82.6%
Double
82.4%
Bachelor
81.7%
Search
81.6%
% Correct
Dawn
81.4%
Repo
80.6%
NeverEnding
80.4%
Dimension
80.2%
Secret
75%
Greystoke
74.5%
Experiment
73.3%
Texas
71.1%
Hotel
71%
America
69.9%
Kid
69.2%
Racing
68.5%
Cotton
67.2%
Places
66.7%
Rio
66.6%
Starfighter
65.7%
Streets
63.9%
Volcano
63.8%
Dangerously
62.3%
Avenger
61.1%
Broadway
60.5%
Paradise
58.8%
Pope
58.5%
Moscow
58.2%
Soldier's
56.6%

You're not logged in!

Compare scores with friends on all Sporcle quizzes.
Sign Up with Email
OR
Log In

You Might Also Like...

Show Comments

Extras

Top Quizzes Today


Score Distribution

Your Account Isn't Verified!

In order to create a playlist on Sporcle, you need to verify the email address you used during registration. Go to your Sporcle Settings to finish the process.